000
00427nam a2200133Ia 4500
008
100328s9999 xx 000 0 und d
082
_b
54169
100
_a
शेकटकर मु.रं.
245
_a
वायरमन (तारतंत्री)
260
_b
उदयम
630
_a
वायरमन (तारतंत्री)
730
_a
वायरमन (तारतंत्री)
942
_c
BOOK
999
_c
540892
_d
540889